000 00565nam a22001937a 4500
999 _c173113
_d173113
005 20200219104448.0
010 _aA-374646
020 _c18.00
035 _aA-374646
037 _bBPPD
082 _a370.9
100 _aخلیل الرب
245 _aتدریس تاریخ /
_cخلیل الرب
246 _aTadrees Tarikh (urdu) /
_bby Khalilur Rab
260 _aNew Delhi
_bTaraqqi Urdu Bureau
_c1988 ء
270 _e110066
_aWest Block 8, R.K.Puram
_bNew Delhi
300 _a273p.
_c21cm(Hb)
942 _2ddc
_cUR
_h370.9
_mخ ل ی